000 00750nam a2200265Ia 4500
001 7731
005 20240113234031.0
007 ta
008 050712s1989 g b000 u eng u
040 _aCotton College,Assam
041 _aeng
082 _a320.954
_bLa 15 In
100 _aLal, Shiv .
245 0 _aIndian Political Thought: Hindu Politics from Manu to Madhok /
_cShiv Lal.
_hTextual Documents
250 _a1st ed. /
260 _aNew Delhi :
_bElection Archives ,
_c1989.
300 _a244p. ;
_c22cm.
653 _aPolitical Science
653 _aPolitics-India, Manu to Madhok
653 _aReligion and Politics
653 _aPG-Political Science
942 _2ddc
_cBK
999 _c7718
_d7718